[Event "70th ch-RUS 2017"]
[Site "St Petersburg RUS"]
[Date "2017.12.14"]
[Round "11.6"]
[White "Tomashevsky, Evgeny"]
[Black "Sjugirov, Sanan"]
[Result "1/2-1/2"]
[WhiteTitle "GM"]
[BlackTitle "GM"]
[WhiteElo "2713"]
[BlackElo "2650"]
[WhiteFideId "4147235"]
[BlackFideId "4189302"]
[EventDate "2017.12.03"]

1. d4 Nf6 2. c4 e6 3. Nc3 d5 4. cxd5 exd5 5. Bg5 c6 6. e3 Be7 7. Bd3 Nbd7 8. Qc2
Nf8 9. Nf3 Ne6 10. Bh4 g6 11. O-O O-O 12. Rab1 Ng7 13. b4 a6 14. a4 Bf5 15. b5
axb5 16. axb5 Bxd3 17. Qxd3 Nf5 18. Bxf6 Bxf6 19. Ra1 Nd6 20. bxc6 bxc6 21. Ra6
Qc7 22. Rfa1 Qb7 23. Qe2 Rxa6 24. Qxa6 Qb2 25. Nd1 Qc2 26. Qa2 Qxa2 27. Rxa2 Ne4
28. Rc2 Ra8 29. Kf1 Ra6 30. Nc3 Nxc3 31. Rxc3 Ra1+ 32. Ke2 Ra2+ 33. Kf1 Ra1+ 34.
Ke2 Ra2+ 35. Ke1 Ra1+ 36. Kd2 Ra2+ 37. Rc2 Rxc2+ 38. Kxc2 Kf8 39. Kb3 Ke7 40.
Ne1 Kd6 41. Nd3 Kc7 42. Ka4 Kb6 43. h3 Be7 44. Ne5 f6 45. Nd3 1/2-1/2